Random Turkish Words #2 - Statistics

General Stats
  • This quiz has been taken 170 times
  • The average score is 14 of 21
Answer Stats
Turkish English % Correct
Anne Mother
94%
Kedi Cat
92%
Aslan Lion
90%
Balık Fish
87%
Peynir Cheese
86%
Dağ Mountain
79%
Asansör Lift
74%
Gözlük Glasses
72%
Kan Blood
70%
Şarkı Song
70%
Altın Gold
69%
Asker Soldier
67%
Kış Winter
65%
Kelebek Butterfly
61%
Yabancı Foreign
57%
Din Religion
50%
Şirket Company
49%
Deprem Earthquake
47%
Palyaço Clown
43%
Meydan Square
43%
Satranç Chess
41%
No matching quizzes found
Score Distribution
Percent of People with Each Score
Percentile by Number Answered
Your Score History
You have not taken this quiz